<?xml version="1.0" encoding="UTF-8"?>
<record
    xmlns:xsi="http://www.w3.org/2001/XMLSchema-instance"
    xsi:schemaLocation="http://www.loc.gov/MARC21/slim http://www.loc.gov/standards/marcxml/schema/MARC21slim.xsd"
    xmlns="http://www.loc.gov/MARC21/slim">

  <leader>00964nam a22001577a 4500</leader>
  <controlfield tag="003">OSt</controlfield>
  <controlfield tag="005">20160615093018.0</controlfield>
  <controlfield tag="008">160615b        xxu||||| |||| 00| 0 eng d</controlfield>
  <datafield tag="040" ind1=" " ind2=" ">
    <subfield code="c">RUA</subfield>
  </datafield>
  <datafield tag="082" ind1=" " ind2=" ">
    <subfield code="a">AGR UON 2013 B474 Or.1</subfield>
  </datafield>
  <datafield tag="100" ind1=" " ind2=" ">
    <subfield code="9">8421</subfield>
    <subfield code="a">UON CHANSOVANN; &#x17A2;&#x17BD;&#x1793; &#x1785;&#x17B6;&#x1793;&#x17CB;&#x179F;&#x17BB;&#x179C;&#x178E;&#x17D2;&#x178E;</subfield>
  </datafield>
  <datafield tag="245" ind1=" " ind2=" ">
    <subfield code="a">Effective of herbicides on ir 66 rice variety sown by rogro machine under no-till condition at osaray commune, tramkok district, takeo province, &#x17A5;&#x1791;&#x17D2;&#x1792;&#x17B7;&#x1796;&#x179B;&#x1793;&#x17C3;&#x1790;&#x17D2;&#x1793;&#x17B6;&#x17C6;&#x179F;&#x1798;&#x17D2;&#x179B;&#x17B6;&#x1794;&#x17CB;&#x179F;&#x17D2;&#x1798;&#x17C5;&#x1785;&#x1784;&#x17D2;&#x179A;&#x17C3;&#x179B;&#x17BE;&#x1796;&#x17BC;&#x1787;&#x179F;&#x17D2;&#x179A;&#x17BC;&#x179C;&#x17A2;&#x17CA;&#x17B8;&#x17A2;&#x17CA;&#x17C2; &#x17E6;&#x17E6; &#x178A;&#x17C2;&#x179B;&#x1796;&#x1784;&#x17D2;&#x179A;&#x17C4;&#x17C7;&#x178A;&#x17C4;&#x1799;&#x1798;&#x17C9;&#x17B6;&#x179F;&#x17CA;&#x17B8;&#x1793;&#x178A;&#x17B6;&#x17C6;&#x1787;&#x17B6;&#x1787;&#x17BD;&#x179A; rogro &#x179B;&#x1780;&#x17D2;&#x1781;&#x1781;&#x178E;&#x17D2;&#x178C;&#x178A;&#x17B8;&#x1798;&#x17B7;&#x1793;&#x1797;&#x17D2;&#x1787;&#x17BC;&#x179A;&#x179A;&#x17B6;&#x179F;&#x17CB;&#x1793;&#x17C5;&#x1783;&#x17BB;&#x17C6;&#x17A2;&#x17BC;&#x179F;&#x17B6;&#x179A;&#x179A;&#x17B6;&#x1799; &#x179F;&#x17D2;&#x179A;&#x17BB;&#x1780;&#x178F;&#x17D2;&#x179A;&#x17B6;&#x17C6;&#x1780;&#x1780;&#x17CB; &#x1781;&#x17C1;&#x178F;&#x17D2;&#x178F;&#x178F;&#x17B6;&#x1780;&#x17C2;&#x179C; </subfield>
  </datafield>
  <datafield tag="260" ind1=" " ind2=" ">
    <subfield code="a">Phnom Penh</subfield>
    <subfield code="b">RUA</subfield>
    <subfield code="c">2013</subfield>
  </datafield>
  <datafield tag="300" ind1=" " ind2=" ">
    <subfield code="a">xiii,56p.</subfield>
    <subfield code="b">ill.</subfield>
    <subfield code="c">29cm.</subfield>
  </datafield>
  <datafield tag="942" ind1=" " ind2=" ">
    <subfield code="2">ddc</subfield>
    <subfield code="c">AGR</subfield>
  </datafield>
  <datafield tag="999" ind1=" " ind2=" ">
    <subfield code="c">8066</subfield>
    <subfield code="d">8066</subfield>
  </datafield>
  <datafield tag="952" ind1=" " ind2=" ">
    <subfield code="0">0</subfield>
    <subfield code="1">0</subfield>
    <subfield code="2">ddc</subfield>
    <subfield code="4">0</subfield>
    <subfield code="6">AGR_UON_2013_000000000000000_B474_OR_1</subfield>
    <subfield code="7">0</subfield>
    <subfield code="9">45833</subfield>
    <subfield code="a">LBB</subfield>
    <subfield code="b">LBB</subfield>
    <subfield code="c">B474</subfield>
    <subfield code="d">2016-06-15</subfield>
    <subfield code="o">AGR UON 2013 B474 Or.1</subfield>
    <subfield code="p">RUA057901</subfield>
    <subfield code="r">2016-06-15</subfield>
    <subfield code="w">2016-06-15</subfield>
    <subfield code="y">AGR</subfield>
  </datafield>
  <datafield tag="952" ind1=" " ind2=" ">
    <subfield code="0">0</subfield>
    <subfield code="1">0</subfield>
    <subfield code="2">ddc</subfield>
    <subfield code="4">0</subfield>
    <subfield code="6">AGR_UON_2013_000000000000000_B474_OR_2</subfield>
    <subfield code="7">0</subfield>
    <subfield code="9">45834</subfield>
    <subfield code="a">LBB</subfield>
    <subfield code="b">LBB</subfield>
    <subfield code="c">B474</subfield>
    <subfield code="d">2016-06-15</subfield>
    <subfield code="o">AGR UON 2013 B474 Or.2</subfield>
    <subfield code="p">RUA057902</subfield>
    <subfield code="r">2016-06-15</subfield>
    <subfield code="w">2016-06-15</subfield>
    <subfield code="y">AGR</subfield>
  </datafield>
  <datafield tag="952" ind1=" " ind2=" ">
    <subfield code="0">0</subfield>
    <subfield code="1">0</subfield>
    <subfield code="2">ddc</subfield>
    <subfield code="4">0</subfield>
    <subfield code="6">AGR_UON_2013_000000000000000_B474_OR_3</subfield>
    <subfield code="7">0</subfield>
    <subfield code="9">45835</subfield>
    <subfield code="a">LBB</subfield>
    <subfield code="b">LBB</subfield>
    <subfield code="c">B474</subfield>
    <subfield code="d">2016-06-15</subfield>
    <subfield code="o">AGR UON 2013 B474 Or.3</subfield>
    <subfield code="p">RUA059676</subfield>
    <subfield code="r">2016-06-15</subfield>
    <subfield code="w">2016-06-15</subfield>
    <subfield code="y">AGR</subfield>
  </datafield>
  <datafield tag="952" ind1=" " ind2=" ">
    <subfield code="0">0</subfield>
    <subfield code="1">0</subfield>
    <subfield code="2">ddc</subfield>
    <subfield code="4">0</subfield>
    <subfield code="6">AGR_UON_2013_000000000000000_B474_OR_4</subfield>
    <subfield code="7">0</subfield>
    <subfield code="9">45836</subfield>
    <subfield code="a">LBB</subfield>
    <subfield code="b">LBB</subfield>
    <subfield code="c">B474</subfield>
    <subfield code="d">2016-06-15</subfield>
    <subfield code="o">AGR UON 2013 B474 Or.4</subfield>
    <subfield code="p">RUA057719</subfield>
    <subfield code="r">2016-06-15</subfield>
    <subfield code="w">2016-06-15</subfield>
    <subfield code="y">AGR</subfield>
  </datafield>
  <datafield tag="952" ind1=" " ind2=" ">
    <subfield code="0">0</subfield>
    <subfield code="1">0</subfield>
    <subfield code="2">ddc</subfield>
    <subfield code="4">0</subfield>
    <subfield code="6">AGR_UON_2013_000000000000000_B474_OR_5</subfield>
    <subfield code="7">0</subfield>
    <subfield code="9">45837</subfield>
    <subfield code="a">LBB</subfield>
    <subfield code="b">LBB</subfield>
    <subfield code="c">B474</subfield>
    <subfield code="d">2016-06-15</subfield>
    <subfield code="o">AGR UON 2013 B474 Or.5</subfield>
    <subfield code="p">RUA057725</subfield>
    <subfield code="r">2016-06-15</subfield>
    <subfield code="w">2016-06-15</subfield>
    <subfield code="y">AGR</subfield>
  </datafield>
  <datafield tag="952" ind1=" " ind2=" ">
    <subfield code="0">0</subfield>
    <subfield code="1">0</subfield>
    <subfield code="2">ddc</subfield>
    <subfield code="4">0</subfield>
    <subfield code="6">AGR_UON_2013_000000000000000_B474_OR_6</subfield>
    <subfield code="7">0</subfield>
    <subfield code="9">45838</subfield>
    <subfield code="a">LBB</subfield>
    <subfield code="b">LBB</subfield>
    <subfield code="c">B474</subfield>
    <subfield code="d">2016-06-15</subfield>
    <subfield code="o">AGR UON 2013 B474 Or.6</subfield>
    <subfield code="p">RUA057848</subfield>
    <subfield code="r">2016-06-15</subfield>
    <subfield code="w">2016-06-15</subfield>
    <subfield code="y">AGR</subfield>
  </datafield>
  <datafield tag="952" ind1=" " ind2=" ">
    <subfield code="0">0</subfield>
    <subfield code="1">0</subfield>
    <subfield code="2">ddc</subfield>
    <subfield code="4">0</subfield>
    <subfield code="6">AGR_UON_2013_000000000000000_B474_OR_7</subfield>
    <subfield code="7">0</subfield>
    <subfield code="9">45839</subfield>
    <subfield code="a">LBB</subfield>
    <subfield code="b">LBB</subfield>
    <subfield code="c">B474</subfield>
    <subfield code="d">2016-06-15</subfield>
    <subfield code="o">AGR UON 2013 B474 Or.7</subfield>
    <subfield code="p">RUA057333</subfield>
    <subfield code="r">2016-06-15</subfield>
    <subfield code="w">2016-06-15</subfield>
    <subfield code="y">AGR</subfield>
  </datafield>
  <datafield tag="952" ind1=" " ind2=" ">
    <subfield code="0">0</subfield>
    <subfield code="1">0</subfield>
    <subfield code="2">ddc</subfield>
    <subfield code="4">0</subfield>
    <subfield code="6">AGR_UON_2013_000000000000000_B474_OR_8</subfield>
    <subfield code="7">0</subfield>
    <subfield code="9">45840</subfield>
    <subfield code="a">LBB</subfield>
    <subfield code="b">LBB</subfield>
    <subfield code="c">B474</subfield>
    <subfield code="d">2016-06-15</subfield>
    <subfield code="o">AGR UON 2013 B474 Or.8</subfield>
    <subfield code="p">RUA057963</subfield>
    <subfield code="r">2016-06-15</subfield>
    <subfield code="w">2016-06-15</subfield>
    <subfield code="y">AGR</subfield>
  </datafield>
  <datafield tag="952" ind1=" " ind2=" ">
    <subfield code="0">0</subfield>
    <subfield code="1">0</subfield>
    <subfield code="2">ddc</subfield>
    <subfield code="4">0</subfield>
    <subfield code="6">AGR_UON_2013_000000000000000_B043_OR_1</subfield>
    <subfield code="7">0</subfield>
    <subfield code="9">88368</subfield>
    <subfield code="a">LBB</subfield>
    <subfield code="b">LBB</subfield>
    <subfield code="c">B043</subfield>
    <subfield code="d">2021-12-17</subfield>
    <subfield code="o">AGR UON 2013 B043 Or.1</subfield>
    <subfield code="p">a066286</subfield>
    <subfield code="r">2021-12-17</subfield>
    <subfield code="w">2021-12-17</subfield>
    <subfield code="y">AGR</subfield>
  </datafield>
  <datafield tag="952" ind1=" " ind2=" ">
    <subfield code="0">0</subfield>
    <subfield code="1">0</subfield>
    <subfield code="2">ddc</subfield>
    <subfield code="4">0</subfield>
    <subfield code="6">AGR_UON_2013_000000000000000_B043_OR_1</subfield>
    <subfield code="7">0</subfield>
    <subfield code="9">88369</subfield>
    <subfield code="a">LBB</subfield>
    <subfield code="b">LBB</subfield>
    <subfield code="c">B043</subfield>
    <subfield code="d">2021-12-17</subfield>
    <subfield code="o">AGR UON 2013 B043 Or.1</subfield>
    <subfield code="p">a068897</subfield>
    <subfield code="r">2021-12-17</subfield>
    <subfield code="w">2021-12-17</subfield>
    <subfield code="y">AGR</subfield>
  </datafield>
</record>
